[Event "Catalunya-chT"]
[Site "Spain"]
[Date "1999.??.??"]
[Round "5"]
[White "Collado Forner, Jose"]
[Black "Fernandez Cazorla, Antonio"]
[Result "1-0"]
[WhiteElo "2350"]
[BlackElo "2280"]
[PlyCount "61"]
[EventDate "1999.??.??"]
[EventType "team-tourn"]
[EventRounds "9"]
[EventCountry "ESP"]
[SourceTitle "EXT 2000"]
[Source "ChessBase"]
[SourceDate "1999.11.16"]
[SourceVersion "1"]
[SourceVersionDate "1999.11.16"]
[SourceQuality "1"]

1. c4 Nf6 2. Nc3 d5 3. cxd5 Nxd5 4. g3 g6 5. Bg2 Nb6 6. d3 Bg7 7. Be3 Nc6 8. Bxc6+ bxc6 9. Nf3 Nd5 10. Bd4 f6 11. Rc1 0-0 12. Qc2 e5 13. Bc5 Rf7 14. 0-0 g5 15. Na4 f5 16. Ba3 g4 17. Nd2 Rf6 18. e4 Nf4 19. gxf4 Rh6 20. Rfe1 Qh4 21. Nf1 exf4 22. Qd2 g3 23. fxg3 fxg3 24. Nxg3 f4 25. Nf5 Bxf5 26. exf5 f3 27. Re4 Qh3 28. Kh1 Qg3 29. Rg1 f2 30. Rxg3 f1Q+ 31. Rg1 1-0

[Event "Catalunya-chT"]
[Site "Spain"]
[Date "1999.??.??"]
[Round "8"]
[White "Enriquez Gonzalez, Raimon"]
[Black "Collado Forner, Jose"]
[Result "0-1"]
[WhiteElo "1980"]
[BlackElo "2350"]
[PlyCount "66"]
[EventDate "1999.??.??"]
[EventType "team-tourn"]
[EventRounds "9"]
[EventCountry "ESP"]
[SourceTitle "EXT 2000"]
[Source "ChessBase"]
[SourceDate "1999.11.16"]
[SourceVersion "1"]
[SourceVersionDate "1999.11.16"]
[SourceQuality "1"]

1. d4 Nf6 2. c4 e6 3. Nc3 Bb4 4. Bg5 c5 5. Nf3 0-0 6. e3 Bxc3+ 7. bxc3 Nc6 8. Bd3 b6 9. 0-0 Ba6 10. Ne5 Ne7 11. Qa4 Bc8 12. Bxf6 gxf6 13. Be4 d5 14. Ng4 dxe4 15. Nxf6+ Kh8 16. Nxe4 Bb7 17. Ng3 Qc7 18. e4 f5 19. exf5 Nxf5 20. Rad1 Rad8 21. dxc5 Qxc5 22. Qc2 Qc6 23. f3 Ne3 24. Qe2 Nxd1 25. Qe5+ Kg8 26. Qg5+ Kf7 27. Qh5+ Ke7 28. Qxh7+ Ke8 29. Qg6+ Kd7 30. Rxd1+ Kc8 31. Re1 Qxc4 32. Ne2 Bxf3 33. gxf3 Rg8 0-1

[Event "Catalunya-chT"]
[Site "Spain"]
[Date "1998.??.??"]
[Round "6"]
[White "Collado Forner, Jose"]
[Black "Cordero Galan, Gonzalo"]
[Result "1/2-1/2"]
[WhiteElo "2350"]
[BlackElo "2190"]
[PlyCount "84"]
[EventDate "1998.01.??"]
[EventType "team-tourn"]
[EventRounds "9"]
[EventCountry "ESP"]
[SourceTitle "EXT 2003"]
[Source "ChessBase"]
[SourceDate "2002.11.25"]
[SourceVersion "1"]
[SourceVersionDate "2002.11.25"]
[SourceQuality "1"]

1. e4 e5 2. Nc3 Nf6 3. Nf3 Nc6 4. Bb5 Bc5 5. 0-0 d6 6. d4 exd4 7. Nxd4 Bd7 8. Nf5 0-0 9. Bg5 a6 10. Bd3 Be6 11. Qf3 Ne5 12. Qg3 Nxd3 13. cxd3 Bxf5 14. exf5 c6 15. Rfe1 Kh8 16. d4 Bxd4 17. Rad1 Re8 18. Rxe8+ Qxe8 19. h3 Bxc3 20. Qxc3 Ne4 21. Qe3 Nxg5 22. Qxg5 Qe5 23. Qd2 d5 24. Qb4 b5 25. Rc1 Rc8 26. Rxc6 Qxf5 27. Qe7 h6 28. Rxc8+ Qxc8 29. Qxf7 d4 30. Qf4 d3 31. g4 Qd8 32. Qd2 Qd5 33. Kh2 Qe4 34. Kg3 Qe2 35. Qf4 Kg8 36. Qf5 d2 37. Qc8+ Kh7 38. Qf5+ Kh8 39. Qc8+ Kh7 40. Qf5+ Kg8 41. Qc8+ Kf7 42. Qd7+ Kg8 1/2-1/2

[Event "Catalunya-chT"]
[Site "Spain"]
[Date "1998.??.??"]
[Round "5"]
[White "Perez Lopez, Julio"]
[Black "Collado Forner, Jose"]
[Result "0-1"]
[WhiteElo "2260"]
[BlackElo "2350"]
[PlyCount "54"]
[EventDate "1998.01.??"]
[EventType "team-tourn"]
[EventRounds "9"]
[EventCountry "ESP"]
[SourceTitle "EXT 2003"]
[Source "ChessBase"]
[SourceDate "2002.11.25"]
[SourceVersion "1"]
[SourceVersionDate "2002.11.25"]
[SourceQuality "1"]

1. e4 e6 2. d3 c5 3. Nf3 Nc6 4. g3 g6 5. Bg2 Bg7 6. 0-0 Nge7 7. Re1 e5 8. Nbd2 0-0 9. Nc4 d6 10. a4 h6 11. c3 Be6 12. h3 Qd7 13. Kh2 f5 14. Qe2 Rae8 15. Bd2 Nc8 16. b4 Qf7 17. exf5 gxf5 18. bxc5 e4 19. Nxd6 Nxd6 20. cxd6 exf3 21. Qxf3 Kh7 22. d4 Na5 23. Bf4 Bd7 24. Qd5 b6 25. Qxf7 Rxf7 26. Rxe8 Bxe8 27. Bd5 Rf8 0-1

[Event "Catalunya-chT"]
[Site "Spain"]
[Date "1997.??.??"]
[Round "8"]
[White "Bordell Rosell, Roman"]
[Black "Collado Forner, Jose"]
[Result "0-1"]
[WhiteElo "2275"]
[BlackElo "2295"]
[PlyCount "100"]
[EventDate "1997.??.??"]
[EventType "team-tourn"]
[EventRounds "9"]
[EventCountry "ESP"]
[SourceTitle "EXT 2002"]
[Source "ChessBase"]
[SourceDate "2001.11.25"]
[SourceVersion "1"]
[SourceVersionDate "2001.11.25"]
[SourceQuality "1"]

1. c4 g6 2. d4 Nf6 3. Nc3 d5 4. Bg5 Ne4 5. Nxe4 dxe4 6. a3 Bg7 7. e3 c5 8. dxc5 Qxd1+ 9. Kxd1 Bxb2 10. Ra2 Bg7 11. Ne2 h6 12. Bh4 Bg4 13. Kc2 g5 14. Bg3 Nd7 15. h3 Bh5 16. c6 bxc6 17. Nd4 Rc8 18. Bh2 Bg6 19. g4 h5 20. gxh5 Rxh5 21. Bg3 Nc5 22. Be2 Rh8 23. Bg4 e6 24. a4 f5 25. Be2 f4 26. Bh2 f3 27. Bf1 e5 28. Nb3 Nd3 29. Kc3 Kf7 30. Bg3 Bf6 31. a5 Rb8 32. a6 Rxb3+ 33. Kxb3 Nc1+ 34. Kb2 Nxa2 35. Kxa2 c5 36. Ka3 Rb8 37. h4 gxh4 38. Rxh4 Bxh4 39. Bxh4 Rb1 40. Bh3 Rh1 41. Bg3 Rxh3 42. Bxe5 Bf5 43. Bd6 Rh6 44. Bxc5 Rxa6+ 45. Kb3 Ra1 46. Bd6 Ke6 47. Bg3 Kd7 48. Kc3 Kc6 49. Kd4 a5 50. Ke5 Bh7 0-1

[Event "Catalunya-chT"]
[Site "Spain"]
[Date "1997.??.??"]
[Round "4"]
[White "Gomez Jurado, Luis Alberto"]
[Black "Collado Forner, Jose"]
[Result "1-0"]
[WhiteElo "2280"]
[BlackElo "2295"]
[PlyCount "47"]
[EventDate "1997.??.??"]
[EventType "team-tourn"]
[EventRounds "9"]
[EventCountry "ESP"]
[SourceTitle "EXT 2002"]
[Source "ChessBase"]
[SourceDate "2001.11.25"]
[SourceVersion "1"]
[SourceVersionDate "2001.11.25"]
[SourceQuality "1"]

1. d4 Nf6 2. c4 g6 3. Nc3 d5 4. cxd5 Nxd5 5. e4 Nxc3 6. bxc3 Bg7 7. Nf3 c5 8. Rb1 0-0 9. Be2 Nd7 10. 0-0 Nf6 11. Qc2 cxd4 12. cxd4 b6 13. d5 e6 14. Ba3 Re8 15. Bb5 Bd7 16. dxe6 Rxe6 17. Rfd1 a6 18. Bc4 Qc7 19. e5 Nh5 20. Rbc1 Rc6 21. Bxf7+ Kxf7 22. Qb3+ Be6 23. Ng5+ Ke8 24. Nxe6 1-0

[Event "Catalunya-chT"]
[Site "Spain"]
[Date "1997.??.??"]
[Round "3"]
[White "Vehi Bach, Victor Manuel"]
[Black "Collado Forner, Jose"]
[Result "1-0"]
[WhiteElo "2390"]
[BlackElo "2295"]
[PlyCount "53"]
[EventDate "1997.??.??"]
[EventType "team-tourn"]
[EventRounds "9"]
[EventCountry "ESP"]
[SourceTitle "EXT 2002"]
[Source "ChessBase"]
[SourceDate "2001.11.25"]
[SourceVersion "1"]
[SourceVersionDate "2001.11.25"]
[SourceQuality "1"]

1. e4 c5 2. Nf3 Nc6 3. d4 cxd4 4. Nxd4 Nf6 5. Nc3 d6 6. Bg5 Bd7 7. Qd2 h6 8. Bxf6 gxf6 9. f4 Nxd4 10. Qxd4 a6 11. 0-0-0 Bg7 12. Be2 0-0 13. Rd3 Rc8 14. Rg3 Kh8 15. f5 Qa5 16. Nd5 Qc5 17. Qd2 e6 18. Nf4 Bc6 19. Nh5 Bxe4 20. c3 Qd5 21. Nxg7 Qxd2+ 22. Kxd2 Rg8 23. Nh5 Rxg3 24. hxg3 Bxg2 25. Rh2 Bd5 26. Nxf6 Bxa2 27. Ng4 1-0

[Event "Barcelona op"]
[Site "Barcelona"]
[Date "1994.??.??"]
[Round "?"]
[White "Collado Forner, Jose"]
[Black "Beltran Rueda, Santiago"]
[Result "0-1"]
[WhiteElo "2265"]
[BlackElo "2330"]
[PlyCount "62"]
[EventDate "1994.??.??"]
[EventType "swiss"]
[EventRounds "6"]
[EventCountry "ESP"]
[SourceTitle "EXT 2002"]
[Source "ChessBase"]
[SourceDate "2001.11.25"]
[SourceVersion "1"]
[SourceVersionDate "2001.11.25"]
[SourceQuality "1"]

1. c4 e5 2. g3 Nf6 3. Bg2 c6 4. d4 exd4 5. Qxd4 d5 6. cxd5 cxd5 7. Nf3 Nc6 8. Qa4 Bc5 9. 0-0 0-0 10. Bg5 h6 11. Bxf6 Qxf6 12. Nc3 Be6 13. Qb5 Qe7 14. Na4 Bd6 15. Rac1 Rac8 16. e3 a6 17. Qb6 Nb4 18. a3 Nd3 19. Rxc8 Rxc8 20. Qb3 Nc5 21. Nxc5 Bxc5 22. Nd4 Bxd4 23. exd4 Rc4 24. Qe3 Qc7 25. f4 Qb6 26. f5 Bd7 27. Bxd5 Rxd4 28. f6 gxf6 29. Bxb7 Qxb2 30. Be4 Rd2 31. Qxh6 Qd4+ 0-1

[Event "Barcelona op"]
[Site "Barcelona"]
[Date "1994.??.??"]
[Round "?"]
[White "Gomez Jurado, Luis Alberto"]
[Black "Collado Forner, Jose"]
[Result "1-0"]
[WhiteElo "2275"]
[BlackElo "2265"]
[PlyCount "82"]
[EventDate "1994.??.??"]
[EventType "swiss"]
[EventRounds "6"]
[EventCountry "ESP"]
[SourceTitle "EXT 2002"]
[Source "ChessBase"]
[SourceDate "2001.11.25"]
[SourceVersion "1"]
[SourceVersionDate "2001.11.25"]
[SourceQuality "1"]

1. d4 Nf6 2. Nf3 e6 3. c4 d5 4. Nc3 c5 5. cxd5 Nxd5 6. e4 Nxc3 7. bxc3 cxd4 8. cxd4 Nc6 9. Be2 Bb4+ 10. Bd2 Qa5 11. Bxb4 Qxb4+ 12. Qd2 Qxd2+ 13. Kxd2 Ke7 14. Rhc1 Rd8 15. Ke3 Bd7 16. Rab1 Rab8 17. d5 Na5 18. Rc5 b6 19. Rc7 Rb7 20. Rbc1 exd5 21. exd5 Kd6 22. Rxb7 Nxb7 23. Ng5 Re8+ 24. Ne4+ Ke7 25. Kd4 Nd6 26. Nxd6 Kxd6 27. Bf3 g5 28. g4 Rh8 29. h4 h5 30. hxg5 hxg4 31. Be4 Rh5 32. Rg1 Rxg5 33. Rh1 Bf5 34. Bg2 g3 35. f4 Rg4 36. Ke3 Rg8 37. Rh6+ Kd7 38. Rf6 Re8+ 39. Kd4 Bg6 40. Bh3+ Ke7 41. Rc6 Rh8 1-0